Accounting for management control /
This book is divided into five parts: The contexts of management accounting; Accounting for programmed activities; Accounting for non-programmed activities; Aframework for analysis; Case studies.
Enregistré dans:
| Auteur principal: | |
|---|---|
| Autres auteurs: | , |
| Format: | Livre |
| Langue: | English |
| Publié: |
London :
International Thomson Business Press,
1997.
|
| Édition: | 2nd ed. |
| Sujets: | |
| Tags: |
Ajouter un tag
Pas de tags, Soyez le premier à ajouter un tag!
|
| Thư viện lưu trữ: | Mạng thư viện Đại học Đà Nẵng |
|---|
| LEADER | 01140cam a2200361 i 4500 | ||
|---|---|---|---|
| 001 | 000049083 | ||
| 003 | 8812 | ||
| 005 | 20051111142418.0 | ||
| 008 | 010320b1997 vm 000 eng | ||
| 020 | |a 186152272X | ||
| 040 | |a IRC |c IRC |d IRC | ||
| 041 | 0 | |a eng | |
| 082 | 1 | 4 | |a 658.1511 |b EM-C |
| 100 | 1 | |a Emmanuel, Clive R. | |
| 245 | 0 | 0 | |a Accounting for management control / |c Clive Emmanuel, David Otley and Kenneth Merchant. |
| 250 | |a 2nd ed. | ||
| 260 | |a London : |b International Thomson Business Press, |c 1997. | ||
| 300 | |a xvi, 518 p. ; |c 23.5cm. | ||
| 520 | 3 | |a This book is divided into five parts: The contexts of management accounting; Accounting for programmed activities; Accounting for non-programmed activities; Aframework for analysis; Case studies. | |
| 630 | 0 | 4 | |a Accounting. |
| 650 | 0 | 4 | |a Managerial accounting. |
| 700 | 1 | |a Otley, David. | |
| 700 | 1 | |a Merchant, Kenneth. | |
| OWN | |a DUT | ||
| 999 | |a From the UDN01 | ||
| TYP | |a Monograph | ||
| TYP | |a Printed language | ||
| 980 | |a Mạng thư viện Đại học Đà Nẵng | ||


